Pharmaceutical Engineering (Record no. 8744)

MARC details
000 -LEADER
fixed length control field 00437nam a22001577a 4500
003 - CONTROL NUMBER IDENTIFIER
control field OSt
008 - FIXED-LENGTH DATA ELEMENTS--GENERAL INFORMATION
fixed length control field 200709b ||||| |||| 00| 0 eng d
082 ## - DEWEY DECIMAL CLASSIFICATION NUMBER
Classification number 610.28 PAP
100 ## - MAIN ENTRY--PERSONAL NAME
Personal name Parashar, Bharat
245 ## - TITLE STATEMENT
Title Pharmaceutical Engineering
250 ## - EDITION STATEMENT
Edition statement 2019
260 ## - PUBLICATION, DISTRIBUTION, ETC. (IMPRINT)
Place of publication, distribution, etc N Delhi
Name of publisher, distributor, etc Nirali Prakashan
Date of publication, distribution, etc 2019
300 ## - PHYSICAL DESCRIPTION
Extent I.2
650 ## - SUBJECT ADDED ENTRY--TOPICAL TERM
Topical term or geographic name as entry element Pharmaceutics- Drug Delivery Systems,Pharmaceutical Engineering regulraty Science
942 ## - ADDED ENTRY ELEMENTS (KOHA)
Source of classification or shelving scheme Dewey Decimal Classification
Koha item type Text Books
Holdings
Withdrawn status Lost status Source of classification or shelving scheme Damaged status Not for loan Collection code Home library Current library Date acquired Source of acquisition Currency Cost, normal purchase price Bill Number Total Checkouts Full call number Acc. no. / Barcode Date last seen Date last borrowed Actual Cost, discounted price Bill Date Koha item type
    Dewey Decimal Classification     B.Pharma PIET C-LIBRARY PIET C-LIBRARY 01/02/2020 Kirti Prakashan Indian Rup 170.00 IN6233 3 610.28 PAP BP1106 20/03/2023 03/03/2023 125.80 01/02/2020 Reference Books
    Dewey Decimal Classification     B.Pharma PIET C-LIBRARY PIET C-LIBRARY 01/02/2020 Kirti Prakashan Indian Rup 170.00 IN6233 2 610.28 PAP BP1107 27/02/2023 13/02/2023 125.80 01/02/2020 Text Books
    Dewey Decimal Classification     B.Pharma PIET C-LIBRARY PIET C-LIBRARY 01/02/2020 Kirti Prakashan Indian Rup 170.00 IN6233 4 610.28 PAP BP1108 23/06/2025 11/06/2025 125.80 01/02/2020 Text Books

Design & Developed by: PIET Central Library
R70 Miles Stone Pattikalyana Samalkha Panipat 132102
mail ID :- [email protected], Phone No:- 0180-2569700 Ex.216